Produktivita dvojmesačník Slovenského centra produktivity

Na minha lista:
Detalhes bibliográficos
Formato: Periódico
Idioma:eslovaco
Publicado em: Žilina Slovenské centrum produktivity 2000
Assuntos:
Tags: Adicionar Tag
Sem tags, seja o primeiro a adicionar uma tag!

MARC

LEADER 00000nas2a2200000 4500
001 s124831
005 20231103122538.7
022 |a 1335-5961 
041 0 |a slo 
044 |a SK 
245 1 0 |a Produktivita  |b dvojmesačník Slovenského centra produktivity 
264 1 |a Žilina  |b Slovenské centrum produktivity  |c 2000 
300 |a 1 zv. 
773 0 |w eu_un_cat*s122586 
610 2 0 |a produktivita 
610 2 0 |a podnik